Reinheit und Gefaehrdung: eine Studie zu Vorstellungen von Verunreinigung und Tabu
Mary Douglas: "Reinheit und Gefährdung". Aus dem Amerik. von Brigitte Luchesi. Dietrich Reimer Verlag, Berlin 1985. 244 S., geb., 38,- DM
| Autor principal: | |
|---|---|
| Tipo de documento: | Print Libro |
| Lenguaje: | Alemán |
| Publicado: |
Berlin
Reimer
1985
|
| En: | Año: 1985 |
| Acceso en línea: |
Índice Índice |
| Verificar disponibilidad: | HBZ Gateway |
| Servicio de pedido Subito: | Pedir ahora. |
| Palabras clave: |
MARC
| LEADER | 00000cam a2200000 c 4500 | ||
|---|---|---|---|
| 001 | 27252428X | ||
| 003 | DE-627 | ||
| 005 | 20260206200318.0 | ||
| 007 | tu | ||
| 008 | 850101s1985 gw ||||| 00| ||ger c | ||
| 015 | |a 85,N19,0152 |2 dnb | ||
| 015 | |a 85,A41,0175 |2 dnb | ||
| 016 | 7 | |a 850434319 |2 DE-101 | |
| 020 | |a 3496007672 |9 3-496-00767-2 | ||
| 035 | |a (DE-627)27252428X | ||
| 035 | |a (DE-603)052022455 | ||
| 035 | |a (DE-576)009784799 | ||
| 035 | |a (DE-599)GBV27252428X | ||
| 035 | |a (OCoLC)230815090 | ||
| 035 | |a (OCoLC)230815090 | ||
| 035 | |a (DE-604)8003531058 | ||
| 040 | |a DE-627 |b ger |c DE-627 |e rakwb | ||
| 041 | |a ger |h eng | ||
| 044 | |c XA-DE | ||
| 050 | 0 | |a GN471.4 | |
| 082 | 0 | 4 | |a 13 |a 25 |a 14 |a 64 |a 200 |a 220 |a 290 |
| 084 | |a 13 |a 25 |a 14 |a 64 |2 sdnb | ||
| 084 | |a 6,24 |a 1 |2 ssgn | ||
| 084 | |a BE 3300 |2 rvk |0 (DE-625)rvk/10560: | ||
| 084 | |a MS 6650 |2 rvk |0 (DE-625)rvk/123764: | ||
| 084 | |a LC 40000 |2 rvk |0 (DE-625)rvk/90650:772 | ||
| 084 | |a BE 3200 |2 rvk |0 (DE-625)rvk/10553: | ||
| 084 | |a 70.02 |2 bkl | ||
| 100 | 1 | |a Douglas, Mary |d 1921-2007 |0 (DE-588)121127060 |0 (DE-627)08110488X |0 (DE-576)160774721 |4 aut | |
| 109 | |a Douglas, Mary 1921-2007 |a Douglas, Margaret Mary Tew 1921-2007 |a Douglas, Mary Tew 1921-2007 |a Tew, Mary 1921-2007 |a Tew, Margeret Mary 1921-2007 |a Douglas, Mary T. 1921-2007 | ||
| 240 | 1 | 0 | |a Purity and danger <dt.> |
| 245 | 1 | 0 | |a Reinheit und Gefaehrdung |b eine Studie zu Vorstellungen von Verunreinigung und Tabu |c Mary Douglas |
| 264 | 1 | |a Berlin |b Reimer |c 1985 | |
| 300 | |a 242 S. | ||
| 336 | |a Text |b txt |2 rdacontent | ||
| 337 | |a ohne Hilfsmittel zu benutzen |b n |2 rdamedia | ||
| 338 | |a Band |b nc |2 rdacarrier | ||
| 500 | |a Literaturverz. S. 233 - 238 | ||
| 505 | 8 | |a Literaturverz. S. 233 - 238 | |
| 505 | 8 | |a Literaturverz. S. 233 - 238 | |
| 505 | 8 | |a Literaturverz. S. 233 - 238 | |
| 520 | |a Mary Douglas: "Reinheit und Gefährdung". Aus dem Amerik. von Brigitte Luchesi. Dietrich Reimer Verlag, Berlin 1985. 244 S., geb., 38,- DM | ||
| 583 | 1 | |a Massenentsäuert |c 2018 |k DE-18 |2 pdager |5 DE-H227 | |
| 583 | 1 | |a Archivierung/Langzeitarchivierung gewährleistet |f SSG |x XA-DE-BW |2 pdager |5 DE-21 | |
| 583 | 1 | |a Archivierung/Langzeitarchivierung gewährleistet |f SSG |x XA-DE-BW |2 pdager |5 DE-16-77 | |
| 583 | 1 | |a Archivierung prüfen |c 20240324 |f DE-4165 |z 3 |2 pdager | |
| 650 | 0 | |a Purity, Ritual | |
| 650 | 0 | |a Taboo | |
| 650 | 0 | |a Purity, Ritual | |
| 650 | 0 | 7 | |0 (DE-588)4165950-8 |0 (DE-627)104297077 |0 (DE-576)209898925 |a Kultische Reinheit |2 gnd |
| 650 | 0 | 7 | |0 (DE-588)4136148-9 |0 (DE-627)104297425 |0 (DE-576)209666749 |a Reinheit |2 gnd |
| 650 | 0 | 7 | |0 (DE-588)4058861-0 |0 (DE-627)104426926 |0 (DE-576)209128216 |a Tabu |2 gnd |
| 689 | 0 | 0 | |d s |0 (DE-588)4136148-9 |0 (DE-627)104297425 |0 (DE-576)209666749 |a Reinheit |2 gnd |
| 689 | 0 | 1 | |d s |0 (DE-588)4002230-4 |0 (DE-627)10639410X |0 (DE-576)208846212 |a Anthropologie |2 gnd |
| 689 | 0 | 2 | |d s |0 (DE-588)4058861-0 |0 (DE-627)104426926 |0 (DE-576)209128216 |a Tabu |2 gnd |
| 689 | 0 | 3 | |d s |0 (DE-588)4058861-0 |0 (DE-627)104426926 |0 (DE-576)209128216 |a Tabu |2 gnd |
| 689 | 0 | 4 | |d s |0 (DE-588)4165950-8 |0 (DE-627)104297077 |0 (DE-576)209898925 |a Kultische Reinheit |2 gnd |
| 689 | 0 | |5 DE-101 | |
| 689 | 1 | 0 | |d s |0 (DE-588)4058861-0 |0 (DE-627)104426926 |0 (DE-576)209128216 |a Tabu |2 gnd |
| 689 | 1 | 1 | |d s |0 (DE-588)4136148-9 |0 (DE-627)104297425 |0 (DE-576)209666749 |a Reinheit |2 gnd |
| 689 | 1 | |5 (DE-627) | |
| 689 | 2 | 0 | |d s |0 (DE-588)4136148-9 |0 (DE-627)104297425 |0 (DE-576)209666749 |a Reinheit |2 gnd |
| 689 | 2 | 1 | |d s |0 (DE-588)4012058-2 |0 (DE-627)106350137 |0 (DE-576)208896678 |a Dialektik |2 gnd |
| 689 | 2 | |5 (DE-627) | |
| 700 | 1 | 2 | |a Douglas, Mary |d 1921-2007 |t Purity and danger <dt.> |
| 856 | 4 | 2 | |u https://swbplus.bsz-bw.de/bsz009784799inh.htm |m B:DE-576;DE-352 |q application/pdf |v 20110217200115 |x Verlag |3 Inhaltsverzeichnis |7 1 |
| 856 | 4 | 2 | |u http://scans.hebis.de/HEBCGI/show.pl?05202245_toc.pdf |m V:DE-576;B:DE-352 |q application/pdf |3 Inhaltsverzeichnis |7 1 |
| 889 | |w (DE-627)011552352 | ||
| 935 | |a mteo | ||
| 935 | |i mdedup | ||
| 935 | |i Blocktest | ||
| 935 | |h HEB |i 0501 | ||
| 935 | |h HEB |i 0503 | ||
| 936 | r | v | |a BE 3300 |b Allgemeines |k Theologie und Religionswissenschaften |k Religionswissenschaft |k Systematische Religionswissenschaft |k Religionssoziologie |k Allgemeines |0 (DE-627)127069958X |0 (DE-625)rvk/10560: |0 (DE-576)20069958X |
| 936 | r | v | |a MS 6650 |b Opfer, Kultus, Riten |k Soziologie |k Spezielle Soziologien |k Religionssoziologie |k Opfer, Kultus, Riten |0 (DE-627)1271441489 |0 (DE-625)rvk/123764: |0 (DE-576)201441489 |
| 936 | r | v | |a LC 40000 |b Darstellung ohne geografischen Bezug |k Sozial- und Kulturanthropologie. Empirische Kulturwissenschaft |k Religionsethnologie |k Magisch-religiöse Objekte |k Darstellung ohne geografischen Bezug |0 (DE-627)127153049X |0 (DE-625)rvk/90650:772 |0 (DE-576)20153049X |
| 936 | r | v | |a BE 3200 |b Allgemeines |k Theologie und Religionswissenschaften |k Religionswissenschaft |k Systematische Religionswissenschaft |k Religionsethnologie |k Allgemeines |0 (DE-627)154125287X |0 (DE-625)rvk/10553: |0 (DE-576)471252875 |
| 936 | b | k | |a 70.02 |j Philosophie und Theorie der Sozialwissenschaften |0 (DE-627)10641142X |
| 936 | s | n | |a b100 |2 mzub |
| 936 | s | n | |a l100 |2 mzub |
| 936 | s | n | |a m200 |2 mzub |
| 936 | s | n | |a z100 |2 mzub |
| 951 | |a BO | ||
| ELC | |b 1 | ||
| LOK | |0 000 xxxxxcx a22 zn 4500 | ||
| LOK | |0 001 3204689123 | ||
| LOK | |0 003 DE-627 | ||
| LOK | |0 004 27252428X | ||
| LOK | |0 005 20151116135854 | ||
| LOK | |0 008 150728||||||||||||||||ger||||||| | ||
| LOK | |0 035 |a (DE-21-110)kd538 | ||
| LOK | |0 040 |a DE-21-110 |c DE-627 |d DE-21-110 | ||
| LOK | |0 689 |a s |a Tabu | ||
| LOK | |0 689 |a s |a Rituelle Reinheitsvorstellung | ||
| LOK | |0 689 |a s |a Unreinheit | ||
| LOK | |0 852 |z Kein Bestand am IfK; Nachweis für KrimDok | ||
| LOK | |0 852 |a DE-21-110 | ||
| LOK | |0 852 1 |9 00 | ||
| LOK | |0 935 |a k110 | ||
| LOK | |0 939 |a 28-07-15 |b l01 | ||
| ORI | |a SA-MARC-krimdoka001.raw | ||
